Benchmarking – metóda podnikového manažmentu

Podstata benchmarkingu ako metódy moderného podnikového manažmentu so zreteľom na jeho uplatnenie v rámci strategického riadenia s cieľom zvyšovania konkurencieschopnosti a výkonnosti podniku a zlepšovania jeho postavenia na trhu. Východiská benchmarkingu, podstata a využitie benchmarkingu. Benchmar...

Celý popis

Uložené v:
Podrobná bibliografia
Hlavný autor: Hanuláková, Eva, 1964-
Médium: Kapitola
Jazyk:Slovak
Predmet:
Tagy: Pridať tag
Žiadne tagy, Buďte prvý, kto otaguje tento záznam!

MARC

LEADER 00000nla a2200000 4500
001 0159983
005 20240502072756.7
041 0 |a slo 
044 |a SK 
245 1 0 |a Benchmarking – metóda podnikového manažmentu  |c Eva Hanuláková 
520 |a Podstata benchmarkingu ako metódy moderného podnikového manažmentu so zreteľom na jeho uplatnenie v rámci strategického riadenia s cieľom zvyšovania konkurencieschopnosti a výkonnosti podniku a zlepšovania jeho postavenia na trhu. Východiská benchmarkingu, podstata a využitie benchmarkingu. Benchmarking a faktor konkurencie. 
610 2 0 |a podnik 
610 2 0 |a metódy riadenia 
610 2 0 |a benchmarking 
100 1 |a Hanuláková, Eva, 1964-